Revista de geografía comercial. (Record no. 1891)

MARC details
000 -LEADER
campo de control de longitud fija 00850nas a22002531i#4500
001 - NÚMERO DE CONTROL
campo de control 1891
003 - IDENTIFICADOR DE NÚMERO DE CONTROL
campo de control ES-MaACL
005 - FECHA Y HORA DE LA ÚLTIMA TRANSACCIÓN
campo de control 20250902011643.0
007 - CAMPO FIJO DE DESCRIPCIÓN FÍSICA--INFORMACIÓN GENERAL
campo de control de longitud fija t|
008 - DATOS DE LONGITUD FIJA--INFORMACIÓN GENERAL
campo de control de longitud fija 950801d18851896sp | | 1 ||pa d
080 ## - NÚMERO DE LA CLASIFICACIÓN DECIMAL UNIVERSAL
Número de la Clasificación Decimal Universal 911.3:339
245 00 - MENCIÓN DEL TÍTULO
Título Revista de geografía comercial.
260 ## - PUBLICACIÓN, DISTRIBUCIÓN, ETC.
Lugar de publicación, distribución, etc. Madrid :
Nombre del editor, distribuidor, etc. Sociedad Española de Geografía Comercial,
Fecha de publicación, distribución, etc. 1885-1896 (
Fabricante Fortanet)
300 ## - DESCRIPCIÓN FÍSICA
Extensión 5 v. ;
Dimensiones 30 cm.
310 ## - PERIODICIDAD ACTUAL
Periodicidad actual Irregular
362 0# - FECHAS DE PUBLICACIÓN Y/O DESIGNACIÓN SECUENCIAL
Fecha de publicación y/o designación secuencial Año 1, n. 1/2 (30 jun. 1885)-año 12, n. 158, 159 y 160 ([1896])
530 ## - NOTA DISPONIBLE DE FORMULARIO FÍSICO ADICIONAL
Nota de formato físico adicional disponible Disponible en formato digital.
650 07 - PUNTO DE ACCESO ADICIONAL DE MATERIA--TÉRMINO DE MATERIA
Término de materia o nombre geográfico como elemento de entrada Geografía comercial
Fuente del encabezamiento o término embne
9 (RLIN) 13075
710 2# - ENTRADA AGREGADA--NOMBRE DE ENTIDAD CORPORATIVA
Nombre de entidad corporativa o nombre de jurisdicción como elemento de entrada Sociedad Española de Geografía Comercial
9 (RLIN) 134882
852 ## - LOCALIZACIÓN
Ubicación ES-MaACL
Número de control de estantería G-5961-65
856 ## - LOCALIZACIÓN Y ACCESO ELECTRÓNICOS
Identificador Uniforme de Recursos <a href="http://hemerotecadigital.bne.es/issn/2171-4266 ">http://hemerotecadigital.bne.es/issn/2171-4266 </a>
Nota pública Hemeroteca Digital
866 #0 - MENCIÓN TEXTUAL DE FONDOS--UNIDAD BIBLIOGRÁFICA BÁSICA
Fondos 1885-96.
Holdings
Estatus retirado Estado de pérdida Estado de daño No para préstamo Colección Biblioteca de origen Biblioteca actual Ubicación en estantería Fecha de adquisición Fuente de adquisición Total de préstamos Signatura topográfica completa Código de barras Visto por última vez Precio de reemplazo Tipo de ítem Koha
        Colección digital Biblioteca del Ateneo de Madrid Biblioteca del Ateneo de Madrid Depósito 2 17/01/2008     G-5961-65 1001930 23/02/2023 23/02/2023 Revista